000 01043nam a22003497a 4500
001 BR0804558
003 BR-BrBNA
005 20230928102636.0
007 ta
008 230509b bl.||||| |||| 00| 0 por d
040 _aBR-BrBNA
_bpor
_cBiblioteca Nacional de Agricultura
041 _a(Por)
072 _aP33; F07
_b1930
090 _ 1930 BR0804558
100 1 _aMagalhães, E.N. de
110 1 _aUniversidade Federal de Lavras, MG (Brasil)
_0Tese (Mestrado)
245 1 _aAlterações no comportamento físico-hídrico de um argissolo sob efeito do capim-tifton 85
260 3 _aLavras, MG (Brasil):
_c2007.
300 _a29 p.
500 _aSummaries (Eng, Por); Bibliography p. 24-29; 5 illus.
650 _aCAPIM
650 _aGRAMÍNEA FORRAGEIRA
650 _aSOLO
650 _aFÍSICA DO SOLO
650 _aCOMPACTAÇÃO DO SOLO
650 _aÁGUA DO SOLO
650 _aMATÉRIA SECA
650 _aRECUPERAÇÃO DO SOLO
650 _aMINAS GERAIS
909 _a202309
_bLucia
_c55
_dLucia Elande
942 _cBK
999 _c71825
_d71825